00465 a2200169 450000100060000002000150000604000220002110000280004324000260007124500210009730000080011836200090012665000230013594200070015895201130016599900170027856867 a8530504623 cAnchieta - Pituba aGomes, Álvaro Cardoso10aA colina sagradalpor10aA colina sagrada a2230 a2006 4aLiteratura juvenil cBK 00104070a91.1b91.1d2023-11-21l0oLJ 028.5 G633c GOM COLp6564/PITr2023-11-21 18:24:26w2023-11-21yBK c56867d56867